| 000 | 00332nam a2200109Ia 4500 | ||
|---|---|---|---|
| 005 | 20251222152718.0 | ||
| 008 | 251222s9999||||xx |||||||||||||| ||spa|| | ||
| 082 | _a343.334/A76 | ||
| 100 | _aAroca Médina, Américo | ||
| 245 | 0 | _aSituación de las Tierras y Territorios de las Comunidades Nativas en la Amazonía Peruana | |
| 942 | _cLIB | ||
| 999 |
_c29479 _d29479 |
||